000 00894nam a22003137a 4500
001 00260
003 DO-SdBNP
005 20180202142436.0
007 00260
008 151105b 19uu sp ||| |||| 00| 0 spa d
020 _a
040 _aBPMSU
_bspa
_cBPMSU
092 _axxxxx
_bxxxxx
100 1 _aDefoe, Daniel,
245 1 0 _aRobinson Crusoe /
_6Daniel Defoe ; traducción Martha Eguía ; apéndice Emilio Pascual ; ilustración J.J. Grandville.
260 _aMadrid :
_bAnaya,
_c1982.
300 _a303 p. :
_bil. ;
_c20 cm.
490 1 _aJuvenil cadete
_v
490 1 _aAventuras
500 _a
700 _aFariñas, Salvador
_etr.
700 _a Escalas, Ballester
_eil.
700 _aGrandville, J. J.,
_eil.
830 0 _aJuvenil cadete
_n
830 0 _a
942 _2ddc
_cBK
945 _aInventariado, 2018/ YL
956 _2VMATEO
_310
_620160321
_8BPMSU
_a0069
999 _c9362
_d9362